Leader xxxxxxxxxx
001 __ PCLIS00050779
005 __ 20100409085044.0008
010 0_ |a9789866745591|b平裝|dNT$260
020 __ |atw|b98001826
042 __ |anbic
050 __ |a002016639
100 __ |a20090317d2009 m y0chib50 e
101 0_ |achi
102 __ |atw
105 __ |ao z 000cd
200 1_ |a我的肯定句媽媽|e|f丘引著
205 __ |a初版
210 __ |a臺北市|c寶瓶文化出版|a臺北縣[新莊市]|c大和書報總經銷|d2009.02
215 0_ |a237面|c|d21公分
225 1_ |aCatcher|v25
300 __ |a
606 __ |2csh|a親子關係
606 __ |2csh|a子女教育
606 __ |2csh|a通俗作品
681 __ |a855|b865:25-2
700 _1 |a丘|b引|c(中國文學)|4
702 __ |a|b|4
801 _0 |atw|bCIP|c20090205|gCCR
801 _1 |atw|bCIP|c20090205|gCCR
801 _2 |atw|b國圖|c20100406|gCCR
|